000 02188cam a22005177a 4500
001 000074226
003 CHAP
005 20220817043317.0
008 971013s1993 r 00010 d
010 _a71461
011 _a72433
035 _a81988
040 _cCHAP
082 0 4 _a070.486
_bT4
100 0 0 _aTejera Hernández, Beatriz Georgina de la
_ecomp.
_9112029
245 1 0 _aPresente del campo mexicano :
_b: recuento periodístico 1991-1992.
260 _aChapingo, Méx. :
_bUACH. Dirección de Centros Regionales,
_c1993.
300 _a2v.
590 _aBATCH-UPD
_b10
_c20130110
_lUCH01
_h1145
590 _aBATCH-UPD
_b10
_c20130410
_lUCH01
_h0730
590 _aBATCH-UPD
_b10
_c20130914
_lUCH01
_h0043
590 _aCONVERSION
_b10
_c20130109
_lUCH01
_h1339
590 _aE5995AHE
_b05
_c20150217
_lUCH01
_h1055
590 _aE5995AHE
_b05
_c20150217
_lUCH01
_h1056
650 1 4 _aAgricultura
_xAspectos economicos
_zMexico.
_91312
650 1 4 _aAgricultura
_xLeyes
_xMéxico.
_91726
650 1 4 _aAgricultura
_zMéxico.
_91932
650 1 4 _aCampesinado
_zMéxico.
650 1 4 _aCrédito agrícola
_zMéxico.
_929089
650 1 4 _aPeriodismo agrícola.
_987178
650 1 4 _aReforma agraria
_zMéxico.
_995596
710 0 _aUACH. Centro Regional Universitario Centro Occidente.
_9115837
901 _aBK
942 _cLIBRO
942 _n0
949 _a070.486 T4
_bBC
_cLIBRO
_d33724000304291
_eLIBRO
_fv.1
_h86674
_i81988
_si
949 _a070.486 T4
_bBC
_cLIBRO
_d33724000304309
_eLIBRO
_fv.1 c.2
_h86675
_i81988
_si
949 _a070.486 T4
_bBC
_cLIBRO
_d33724000304317
_eLIBRO
_fv.1 c.3
_h86676
_i81988
_si
949 _a070.486 T4
_bBC
_cLIBRO
_d33724000304325
_eLIBRO
_fv.1 c.4
_h86677
_i81988
_si
949 _a070.486 T4
_bBC
_cLIBRO
_d33724000304333
_eLIBRO
_fv.2
_h86679
_i81988
_si
949 _a070.486 T4
_bBC
_cLIBRO
_d33724000304341
_eLIBRO
_fv.2 c.2
_h86680
_i81988
_si
949 _a070.486 T4
_bBC
_cLIBRO
_d33724000304358
_eLIBRO
_fv.2 c.3
_h86681
_i81988
_si
949 _a070.486 T4
_bBC
_cLIBRO
_d33724000304366
_eLIBRO
_fv.2 c.4
_h86674
_i81988
_si
949 _a070.486 T4
_bBC
_cUACH
_d-35766
_eUACH
_fv.1 c.5
_h86678
_i81988
_si
949 _a070.486 T4
_bBC
_cUACH
_d-35771
_eUACH
_fv.2 c.5
_h86683
_i81988
_si
999 _c71461
_d71461